| 000 | 00594nam a2200205Ia 4500 | ||
|---|---|---|---|
| 003 | GCL | ||
| 008 | 140319s9999 xx 000 0 ara d | ||
| 040 |
_aGCL / _cGCL |
||
| 082 | 0 | 4 |
_a276.24 _bب ف |
| 100 | 1 | _aانطوان ا الهاشم | |
| 245 | 1 | 0 |
_aالفاتيكان: عاصمة الكثلكة فى العالم / _cانطوان ا الهاشم |
| 700 | 1 | _aبوبار، بول | |
| 300 | _a126 ص | ||
| 490 |
_aزدنى علما _v0 |
||
| 650 | 0 | 4 | _aالديانات |
| 650 | 0 | 4 | _aالفاتيكان |
| 650 | 0 | 4 | _aالبابوات |
| 650 | 0 | 4 | _aالبابوية |
| 942 |
_2ddc _cBK |
||
| 999 |
_c48319 _d48319 |
||